Biggest City by Elevation - Statistics

General Stats
  • This quiz has been taken 19 times
    6 since last reset
  • The average score is 8 of 10
Answer Stats
Elevation
(Thousands of feet)
Population City % Correct
7-8 10 M Bogotá
100%
0-1 25 M Shanghai
100%
4-5 3.5 M Kathmandu
83%
9-10 2 M La Paz
83%
6-7 22 M Mexico City
83%
8-9 2.8 M Quito
83%
2-3 22 M São Paulo
83%
3-4 15 M Tehran
83%
1-2 16 M Chengdu
50%
5-6 10 M Johannesburg
50%
No matching quizzes found
Score Distribution
Percent of People with Each Score
Percentile by Number Answered
Your Score History
You have not taken this quiz since the last reset